| 000 | 01086nam a2200313Ia 4500 | ||
|---|---|---|---|
| 001 | dia_1648 | ||
| 003 | CHAP | ||
| 005 | 20251023151414.0 | ||
| 008 | 220117s[19- xx 000 0 und d | ||
| 010 | _a172196 | ||
| 040 | _cCHAP | ||
| 082 | _a621.56 T33 [19--] | ||
| 110 |
_aInstitut International Du Froid _9151231 |
||
| 245 |
_aTables et diagrammes pour l'industrie du froid : extraits des règles pour machines frigorifiques / _c Association Allemande du Froid ; traducción C. K. Feniger |
||
| 260 |
_aFrancia : _b Institut International Du Froid, _c[19- |
||
| 300 | _a56 p. | ||
| 500 | _aMaterial fotocopiado | ||
| 590 | _aTP492.7 T33 [19--] | ||
| 650 |
_aRefrigeración _xTablas _9151232 |
||
| 650 |
_aRefrigeradores _995614 |
||
| 650 |
_aRefrigeration _xTables, etc. _9151233 |
||
| 650 |
_aRefrigerators _9151234 |
||
| 700 |
_aFeniger, C. K., tr. _9151235 |
||
| 710 |
_aInstitut International Du Froid _9151231 |
||
| 901 | _a621.56 T33 [19--] | ||
| 902 | _aA | ||
| 905 | _a523227[19--] fr mn 8125223322fre16 | ||
| 942 |
_cLIBRO _2ddc |
||
| 999 |
_c172196 _d172196 |
||